O putjach finansovogo obespečenija social'nych raschodov.
Princíp priority sociálnych výdavkov v ZSSR. Príprava indexovania pevných osobných príjmov obyvateľstva. Doplnkové sociálne výdavky a ich zabezpečenie zo štátneho rozpočtu. Zdroje financovania sociálnych programov. Rezervy zlepšenia štruktúry a objemu príjmov štátneho rozpočtu. Opatrenia v cenotvorb...
Na minha lista:
| Autor principal: | |
|---|---|
| Outros Autores: | |
| Formato: | Capítulo de Livro |
| Idioma: | russo |
| Assuntos: | |
| Tags: |
Sem tags, seja o primeiro a adicionar uma tag!
|
MARC
| LEADER | 00000naa a2200000 4500 | ||
|---|---|---|---|
| 001 | r001180 | ||
| 005 | 20220819192257.8 | ||
| 041 | 0 | |a rus | |
| 044 | |a [SU] | ||
| 245 | 1 | 0 | |a O putjach finansovogo obespečenija social'nych raschodov. |c D.S. Moljakov, S.V. Bol'šakov |
| 520 | |a Princíp priority sociálnych výdavkov v ZSSR. Príprava indexovania pevných osobných príjmov obyvateľstva. Doplnkové sociálne výdavky a ich zabezpečenie zo štátneho rozpočtu. Zdroje financovania sociálnych programov. Rezervy zlepšenia štruktúry a objemu príjmov štátneho rozpočtu. Opatrenia v cenotvorbe. Predpokladané tendencie zvyšovania spotrebného fondu v roku 1991. | ||
| 610 | 2 | 0 | |a výdavky na potreby kultúrne a sociálne |
| 610 | 2 | 0 | |a výdavky rozpočtu štátneho |
| 610 | 2 | 0 | |a politika sociálna |
| 610 | 2 | 0 | |a ZSSR |
| 610 | 2 | 0 | |a financovanie |
| 610 | 2 | 0 | |a príjmy obyvateľstva |
| 610 | 2 | 0 | |a programy sociálne |
| 610 | 2 | 0 | |a príjmy rozpočtu štátneho |
| 610 | 2 | 0 | |a tvorba cien |
| 610 | 2 | 0 | |a fond spotreby |
| 100 | 1 | |a Moljakov, D.S. | |
| 700 | 1 | |a Bol'šakov, S.V. | |